| 000 | 01075cam a2200229 4500 | ||
|---|---|---|---|
| 001 | WB@3612-384 | ||
| 008 | 041027n2004 000 0 eng u | ||
| 035 | _a(Sirsi) u127827 | ||
| 245 | _aHousing crisis in the UK | ||
| 260 | _c2004 | ||
| 490 |
_aRegeneration and Renewal _v22 October 2004, 3(1) |
||
| 520 | _aAccording to a recent survey by MORI on behalf of Shelter, seven out of 10 people in the UK believe that the country is in the middle of a housing crisis. The results showed that 74% of people believe that rising house prices are the main problem with 61% of people citing run-down estates as the biggest cause of concern. Shelter has launch a national housing investigation aimed at assessing the real extent of housing-related problems. The poll results are available from: http://www.mori.com/polls/2004/shelter.shtml. | ||
| 590 | _aWB | ||
| 590 | _aWB | ||
| 650 |
_aAffordable housing _96215 |
||
| 650 | _aHOUSING CONDITIONS | ||
| 650 | _aHOUSING SUPPLY | ||
| 650 | _aHOUSE PRICES | ||
| 650 | _aHOMELESSNESS | ||
| 690 | _aHOUSING | ||
| 942 | _n0 | ||
| 999 |
_c118227 _d118227 |
||